<?xml version="1.0" encoding="UTF-8"?><?xml-stylesheet type="text/xsl" href="static/style.xsl"?><OAI-PMH xmlns="http://www.openarchives.org/OAI/2.0/" xmlns:xsi="http://www.w3.org/2001/XMLSchema-instance" xsi:schemaLocation="http://www.openarchives.org/OAI/2.0/ http://www.openarchives.org/OAI/2.0/OAI-PMH.xsd"><responseDate>2026-06-07T07:29:15Z</responseDate><request verb="GetRecord" identifier="oai:riuma.uma.es:10630/38585" metadataPrefix="marc">https://riuma.uma.es/rest/oai/request</request><GetRecord><record><header><identifier>oai:riuma.uma.es:10630/38585</identifier><datestamp>2026-02-03T10:57:20Z</datestamp><setSpec>com_10630_2254</setSpec><setSpec>col_10630_37953</setSpec></header><metadata><record xmlns="http://www.loc.gov/MARC21/slim" xmlns:dcterms="http://purl.org/dc/terms/" xmlns:doc="http://www.lyncode.com/xoai" xmlns:xsi="http://www.w3.org/2001/XMLSchema-instance" xsi:schemaLocation="http://www.loc.gov/MARC21/slim http://www.loc.gov/standards/marcxml/schema/MARC21slim.xsd">
   <leader>00925njm 22002777a 4500</leader>
   <datafield ind2=" " ind1=" " tag="042">
      <subfield code="a">dc</subfield>
   </datafield>
   <datafield ind2=" " ind1=" " tag="720">
      <subfield code="a">Mármol-Rivera, Jorge Andrés</subfield>
      <subfield code="e">author</subfield>
   </datafield>
   <datafield ind2=" " ind1=" " tag="720">
      <subfield code="a">Fernández-Rodríguez, Jose David</subfield>
      <subfield code="e">author</subfield>
   </datafield>
   <datafield ind2=" " ind1=" " tag="720">
      <subfield code="a">Asenjo García, Beatriz</subfield>
      <subfield code="e">author</subfield>
   </datafield>
   <datafield ind2=" " ind1=" " tag="720">
      <subfield code="a">López-Rubio, Ezequiel</subfield>
      <subfield code="e">author</subfield>
   </datafield>
   <datafield ind2=" " ind1=" " tag="260">
      <subfield code="c">2025</subfield>
   </datafield>
   <datafield ind2=" " ind1=" " tag="520">
      <subfield code="a">In various image processing tasks, enhancing resolution is a fundamental challenge, particularly along specific axes where resolution tends to be lower. This limitation can hinder the performance of models in tasks such as medical image analysis. Traditional approaches often involve interpolation techniques, but they may lead to loss of information or introduce artifacts. Recently, deep learning-based methods, especially those utilizing latent spaces, have shown promise in addressing this issue. Because typical super-resolution methods are designed for 2D images, they can easily be applied to increase resolution in two of the axes in a volumetric MRI, but not the other axis. While volumetric (3D) deep learning models for super-resolution have been proposed, they have very high computational requirements, even if the region of interest to super-resolve does not span the whole volume. In our work, we propose a novel approach that uses a diffusion latent model to increase resolution along an arbitrary axis. Our method involves transforming input images into a latent space, where a U-Net model is employed to capture high-level features. Crucially, just before decoding, we introduce a linear interpolation in the latent space to enhance resolution along the specified axis. This interpolated latent representation is then decoded by the decoder, yielding images with increased resolution, thus achieving a resolution across all axes and, therefore, an increase in resolution of the entire volume, using a 2D deep learning model rather than a fully-fledged 3D model. The proposal has been extensively tested with a wide range of brain lesions and brain tumor images of T1, T2, and FLAIR modes. The experimental comparison with several state-of-the-art methods has consistently shown the advantages of our approach.</subfield>
   </datafield>
   <datafield ind1="8" ind2=" " tag="024">
      <subfield code="a">Jorge Andrés Mármol-Rivera, José David Fernández-Rodríguez, Beatriz Asenjo, Ezequiel López-Rubio, Latent diffusion for arbitrary zoom MRI super-resolution, Expert Systems with Applications, Volume 284, 2025, 127970.</subfield>
   </datafield>
   <datafield ind1="8" ind2=" " tag="024">
      <subfield code="a">https://hdl.handle.net/10630/38585</subfield>
   </datafield>
   <datafield ind1="8" ind2=" " tag="024">
      <subfield code="a">10.1016/j.eswa.2025.127970</subfield>
   </datafield>
   <datafield tag="653" ind2=" " ind1=" ">
      <subfield code="a">Resonancia magnética nuclear (Medicina)</subfield>
   </datafield>
   <datafield tag="653" ind2=" " ind1=" ">
      <subfield code="a">Diagnóstico por imagen - Innovaciones tecnológicas</subfield>
   </datafield>
   <datafield ind2="0" ind1="0" tag="245">
      <subfield code="a">Latent diffusion for arbitrary zoom MRI super-resolution.</subfield>
   </datafield>
</record>
</metadata></record></GetRecord></OAI-PMH>